Gedz - ANATEMA - Statystyki

Ogólne statystyki
  • Ten quiz został rozwiązany 11 razy
  • Średni wynik to 11 z 16
Statystyki odpowiedzi
Numer Tytuł Gość % Poprawnych
2 ALLES KLAR
86%
6 BŁĘKITNA KREW
86%
8 GŁUPIE POMYSŁY Quebonafide
86%
13 NIE WIEM
86%
15 ABONAMENT
71%
16 AMON
71%
1 INTROSAPIENS
71%
3 MIZANTROP Miszel
71%
12 NONSENS Kosa
71%
11 UNDO
71%
7 A8 FREESTYLE
57%
10 KNOW HOW
57%
14 ROGER MOORE
57%
4 SLOW MO
57%
5 MIERNIK SZCZĘŚCIA (skit)
43%
9 PORT TELEPORTACYJNY (skit)
43%
Nie znaleziono quizów pasujących do podanych kryteriów
Rozkład punktacji
Procent ludzi z każdym wynikiem
Percentyl według liczby udzielonych odpowiedzi
Twoja historia wyników
Nie rozwiązałeś tego quizu